Formule 1 - Vainqueurs du GP de Sao Paulo, Brésil - Statistiques

Statistiques générales
  • Ce quiz a été pris 87 fois
    33 depuis la dernière actualisation
  • Le résultat moyen est 45 sur 52
Statistiques - réponses
Années Pilotes % Correct
1982 Alain Prost
100%
1984 Alain Prost
100%
1985 Alain Prost
100%
1987 Alain Prost
100%
1988 Alain Prost
100%
1990 Alain Prost
100%
1991 Ayrton Senna
100%
1993 Ayrton Senna
100%
2025 Lando Norris
100%
2016 Lewis Hamilton
100%
2018 Lewis Hamilton
100%
2021 Lewis Hamilton
100%
2019 Max Verstappen
100%
2023 Max Verstappen
100%
2024 Max Verstappen
100%
1994 Michael Schumacher
100%
1995 Michael Schumacher
100%
2000 Michael Schumacher
100%
2002 Michael Schumacher
100%
2022 George Russell
96%
2012 Jenson Button
96%
2007 Kimi Räikkönen
96%
2014 Nico Rosberg
96%
2015 Nico Rosberg
96%
2006 Felipe Massa
92%
2008 Felipe Massa
92%
2009 Mark Webber
92%
2011 Mark Webber
92%
1998 Mika Häkkinen
92%
1999 Mika Häkkinen
92%
1989 Nigel Mansell
92%
1992 Nigel Mansell
92%
2010 Sebastian Vettel
92%
2013 Sebastian Vettel
92%
2017 Sebastian Vettel
92%
1996 Damon Hill
88%
1973 Emerson Fittipaldi
88%
1974 Emerson Fittipaldi
88%
1997 Jacques Villeneuve
84%
1983 Nelson Piquet
84%
1986 Nelson Piquet
84%
1976 Niki Lauda
84%
2001 David Coulthard
76%
2004 Juan Pablo Montoya
72%
2005 Juan Pablo Montoya
72%
2003 Giancarlo Fisichella
52%
1977 Carlos Reutemann
44%
1978 Carlos Reutemann
44%
1981 Carlos Reutemann
44%
1980 Rene Arnoux
36%
1979 Jacques Laffite
28%
1975 José Carlos Pace
16%
Aucun quiz correspondant
Distribution des résultats
% des personnes avec chaque résultat
Percentile par nombre de réponses
Votre historique - résultats
Vous n’avez pas pris ce quiz depuis la dernière actualisation